| 000 | 01336nam1a22003491i 4500 | ||
|---|---|---|---|
| 001 | v19\rc\1327572 | ||
| 005 | 20260407123240.0 | ||
| 035 | _a(NLR Aleph) 004551549 | ||
| 090 |
_a2148959 _c2148959 |
||
| 100 | _a20060512d1843 |||y0rusy50 ca | ||
| 101 | 0 | _arus | |
| 102 | _aRU | ||
| 105 | _a z ||||| | ||
| 200 | 1 |
_aКнига посольская Метрики Великого княжества Литовского... _fИзд. по поручению Имп. Моск. о-ва истории и древностей рос. [Кн. 1]- |
|
| 210 |
_aМосква _cУнив. тип. _d1843 |
||
| 215 | _d30 | ||
| 316 |
_aЭкз. РНБ (18.6.1.7(1-2), 134/1059) деф.: отсутствует обл. _5NLR: 18.6.1.7(1-2), 134/1059 |
||
| 605 | _aМетрика литовская и коронная | ||
| 712 | 0 | 2 |
_aОбщество истории и древностей российских _cМосква _3RU\NLR\AUTH\889961263 _9418838 |
| 801 | 0 |
_aRU _bNLR _gpsbo |
|
| 801 | 0 |
_aRU _bRuMoRGB _2psbo |
|
| 801 | 1 |
_aRU _bProSoft-M _2rusmarc |
|
| 852 |
_aNLR _j18.6.1.7(1-2) |
||
| 852 |
_aNLR _j134/1059 |
||
| 852 |
_aNLR _bМф _jК1/7645(1-2) |
||
| 899 |
_aRuMoRGB _jP 10/27 |
||
| 899 |
_aRuMoRGB _jS 10/49 |
||
| 899 |
_aRuMoRGB _jA 130/36 |
||
| 899 | _aБАН | ||
| 899 | _aНБ СПбГУ | ||
| 899 | _aГПИБ | ||
| 942 | _cBOOK | ||